Дело об определении рижского гражданина Генриха Виссендорфа членом Особого отдела Ученого комитета Министерства народного просве...

Доступно только в Электронных читальных залах Найти на картеНа карте
RUSMARC
00003815nmc2a2200000 x 450
0018f8ec99c-adea-416d-bc61-90e219bc0835
00520171202004312.0
100##$a20160122l18971916k l0rusy0189 ca
1010#$arus
102##$aRU
2001#$aДело об определении рижского гражданина Генриха Виссендорфа членом Особого отдела Ученого комитета Министерства народного просвещения и о причислении к этому Министерству
$j30 января 1897 г. - 18 декабря 1916 г.
251##$cДело
300##$aДело
801#0$aRU
$bРГИА
$c20160122
$gRCR
801#1$aRU
$bГлавНИВЦ
$c20160122
$2rusmarc
801#2$aRU
$bПБ им. Б.Н. Ельцина
$c20171202
$gRCR
$2rusmarc
850##$aРГИА
852##$aРГИА
$eФедеральное казенное учреждение "Российский государственный исторический архив" (РГИА)
$j1265
937##$hРГИА
$d12190497
$aASBIBLIO_SCAN
462#0$100192199c64-6874-4077-9f66-5b288fbc0ba4
$12001
$aДела Инспекторского разряда Департамента народного просвещения за 1887-1901 гг.
$1251
$cОпись
$1852
$j122
461#0$1001a74412a3-3cc5-4d21-8f0a-dfe2fbd9e72d
$12001
$aДепартамент народного просвещения Министерства народного просвещения (1803-1917)
$1251
$cФонд
$1852
$j733
215##$a235 л.
$d36,5х26 см
371##$aДокумент не является опубликованным и широко распространяемым
105##$ay###
1222#$ad
035##$a8f8ec99c-adea-416d-bc61-90e219bc0835
856##$uhttp://readingroom.main.prlib.ru/item.aspx?id_node=n110825088&mode=full
Формат отображения